MARC

LEADER 00000nas a2200000 a 4500
001 ssj0011414
003 WaSeSS
005 20200512172242.0
006 m d
007 cr n
008 040212c19929999vautr pss gov 0 a0eng c
010 |a  2008247523 
022 |a 1943-135X  |l 1065-8254  |y 1065-8254 
035 |a (WaSeSS)ssj0011414 
037 |b Managing Editor, William & Mary Bill of Rights Journal, Marshall-Wythe School of Law, College of William and Mary, P.O. Box 8795, Williamsburg VA 23187-8795 
040 |a GAO  |b eng  |c GAO  |d OCLCQ  |d TKF  |d MUQ  |d BUF  |d DOS  |d DLC  |d NUI  |d Z5A  |d TXJ  |d NDO  |d OCLCQ  |d OCLCF  |d OCLCO  |d VT2  |d OCLCQ  |d OCLCA  |d YOR  |d OCLCA  |d WaSeSS 
042 |a pcc  |a nsdp 
043 |a n-us---  |a n-us-va 
050 1 4 |a K27 
082 1 0 |a 342  |2 14 
130 0 |a William and Mary Bill of Rights journal (Online) 
222 0 |a William and Mary Bill of Rights journal  |b (Online) 
245 1 0 |a William and Mary Bill of Rights journal  |h [electronic resource]. 
246 3 |a William & Mary Bill of Rights journal 
260 |a Williamsburg, Va. :  |b William & Mary Bill of Rights Journal,  |c ©1992- 
310 |a Four issues yearly,  |b 2004- 
321 |a Two issues yearly,  |b 1992-1997 
321 |a Three issues yearly,  |b 1998-2003 
362 0 |a Vol. 1, issue 1 (spring 1992)- 
500 |a A student publication of the Marshall-Wythe School of Law. 
506 |a License restrictions may limit access. 
515 |a Issue for spring 1992 designated also 1992-1993. 
538 |a Mode of access: World Wide Web. 
550 |a Issued in conjunction with: Institute of Bill of Rights Law, Marshall-Wythe School of Law. 
550 |a Vols. for <1998-> issued by: College of William & Mary School of Law. 
588 |a Description based on print version record. 
588 |a Latest issue consulted: Vol. 15, issue 4 (Apr. 2007) (HeinOnline, viewed Feb. 14, 2008). 
650 0 |a Civil rights  |z United States  |v Periodicals. 
650 0 |a Law  |z United States  |v Periodicals. 
650 0 |a Law reviews  |z Virginia. 
650 6 |a Droits de l'homme  |z États-Unis  |v Périodiques. 
650 6 |a Droit  |z États-Unis  |v Périodiques. 
650 6 |a Revues de droit  |z Virginie. 
650 7 |a Civil rights.  |2 fast  |0 (OCoLC)fst00862627 
650 7 |a Law.  |2 fast  |0 (OCoLC)fst00993678 
650 7 |a Law reviews.  |2 fast  |0 (OCoLC)fst00994120 
650 7 |a Droit.  |2 rasuqam 
650 1 7 |a Droits de l'homme.  |2 rasuqam 
651 7 |a United States.  |2 fast  |0 (OCoLC)fst01204155 
651 7 |a Virginia.  |2 fast  |0 (OCoLC)fst01204597 
651 7 |a États-Unis.  |2 rasuqam 
655 0 |a Electronic journals. 
710 2 |a Marshall-Wythe School of Law. 
710 2 |a Marshall-Wythe School of Law.  |b Institute of Bill of Rights Law. 
710 2 |a College of William & Mary.  |b School of Law. 
776 0 8 |i Print version:  |t William and Mary Bill of Rights journal  |x 1065-8254  |w (DLC) 93660664  |w (OCoLC)26282285 
780 0 0 |t Colonial lawyer (Online)  |x 1943-1368  |w (DLC) 2008247522  |w (OCoLC)182879920 
856 4 0 |z Full text available from Research Library: 10/01/2004 to present  |u https://search.proquest.com/publication/55454